000
00246nam a2200097Ia 4500
001
691325
005
20250826161833.0
008
250824s9999 xx 000 0 und d
245
0
_a
TEKNOLOJİ FELSEFESİ
_c
MUSTAFA BAYRAK
260
_b
KETEBE YAYINLARI
999
_c
691325
_d
691325